Responsabilidad penal de adolescentes : desafio de justicia en el siglo XXI /

Este compacto digital contiene videos de las exposiciones realizadas en el seminario sobre responsabilidad penal de adolescentes, por personas provenientes del área política, académica, judicial y de instituciones internacionales que desarrollan actividades de en el ámbito de promover una nueva just...

Descripción completa

Detalles Bibliográficos
Autores Corporativos: Chile. Ministerio de Justicia, Universidad de Chile Facultad de Derecho, UNICEF
Formato: Libro
Lenguaje:inglés
Publicado: Santiago, Chile Ministerio de Justicia

MARC

LEADER 00000cam a2200000 a 4500
001 027365
003 UAHC_CL
005 20170803122809.0
008 030901b xx j 000 1 eng
040 |a UAHC_CL  |c UAHC_CL  |d UAHC_CL 
245 1 0 |a Responsabilidad penal de adolescentes :  |b desafio de justicia en el siglo XXI /  |c Ministerio de Justicia de Chile , Facultad de derecho de la Universidad de Chile , UNICEF. 
260 |b Ministerio de Justicia  |a Santiago, Chile 
300 |a 1 cd rom 
520 |a Este compacto digital contiene videos de las exposiciones realizadas en el seminario sobre responsabilidad penal de adolescentes, por personas provenientes del área política, académica, judicial y de instituciones internacionales que desarrollan actividades de en el ámbito de promover una nueva justicia para jovenes.\Se cuenta además en este compacto digital con una selección de textos 
710 1 |a Chile.  |b Ministerio de Justicia 
710 1 |a Universidad de Chile  |b Facultad de Derecho 
710 1 |a UNICEF. 
900 |a CD-022 
942 |c BK 
952 |0 0  |1 0  |4 0  |6 CD_022  |7 0  |8 Hemeroteca  |9 54673  |a BC  |b BC  |c Hemeroteca  |d 2017-08-03  |l 0  |o CD-022  |p 1339373  |r 2019-01-02 00:00:00  |t 1  |w 2017-08-03  |y BK 
999 |c 27365  |d 27365